| 000 | 005600000a22001810004500 | ||
|---|---|---|---|
| 001 | 768714001 | ||
| 003 | CO-MdFUSB | ||
| 005 | 20170608150138.0 | ||
| 008 | 170608s2004 cr ||||| |||| 00| 0 spa d | ||
| 022 | _a1409-1968 | ||
| 040 |
_aCO-MdFUSB _bspa _cCO-MdFUSB _dCO-MdFUSB |
||
| 041 | _aspa | ||
| 245 | 1 | 0 | _aQué hacer en momentos de crisis |
| 300 |
_aVolumen 21. Número 2 (2004), Páginas 58-59 _c 27 cm. |
||
| 546 | _aTexto en español | ||
| 773 | 0 |
_tApuntes Pastorales _049442 _960150 _gVolumen 21. Número 2 (2004), Páginas 58-59 _qPágina 58 |
|
| 942 | _cANA | ||
| 999 |
_c60770 _d60770 |
||